[Event "Landesklasse Ost 2014/2015"]
[Site "?"]
[Date "2014.10.26"]
[Round "3"]
[White "Watzke, Birger"]
[Black "Philipp, Mathias"]
[Result "1-0"]
[WhiteElo "2153"]
[BlackElo "1771"]
[PlyCount "103"]
[EventDate "2014.??.??"]
[WhiteTeam "Schachzirkel Elstertal Langenberg"]
[BlackTeam "SSV Vimaria 91 Weimar"]

1. c4 e5 2. g3 Nc6 3. Bg2 Nf6 4. Nc3 Bb4 5. Nf3 Bxc3 6. bxc3 O-O 7. O-O d6 8.
Rb1 Rb8 9. h3 Be6 10. d3 h6 11. Kh2 Nh7 12. Qa4 f5 13. d4 e4 14. Ne1 Bd7 15.
Qa3 a6 16. Nc2 Nf6 17. Ne3 Qe8 18. Nd5 Nxd5 19. cxd5 Ne7 20. c4 Ng6 21. c5 Rf6
22. f3 f4 23. fxe4 fxg3+ 24. Qxg3 Rxf1 25. Bxf1 Qxe4 26. Rb3 Nh4 27. c6 Nf5 28.
Qg4 Qxd5 29. cxd7 Nxd4 30. Bb2 Qe5+ 31. Qg3 b5 32. Qxe5 dxe5 33. Bxd4 exd4 34.
Rd3 c5 35. e3 Kf7 36. exd4 c4 37. Ra3 Ke7 38. Rxa6 Kxd7 39. Ra7+ Kd6 40. Rxg7
Kd5 41. Rg4 Re8 42. Bg2+ Kd6 43. Rg6+ Re6 44. Rxe6+ Kxe6 45. Be4 b4 46. Kg3 b3
47. axb3 cxb3 48. Kf4 b2 49. Ke3 Kd6 50. Kd2 b1=Q 51. Bxb1 Kd5 52. Ke3 1-0

[Event "Landesklasse Ost 2014/2015"]
[Site "?"]
[Date "2014.10.26"]
[Round "3"]
[White "Scheitz, Michael"]
[Black "Streit, Michael"]
[Result "1-0"]
[WhiteElo "1915"]
[BlackElo "1924"]
[PlyCount "99"]
[EventDate "2014.??.??"]
[WhiteTeam "SSV Vimaria 91 Weimar"]
[BlackTeam "Schachzirkel Elstertal Langenberg"]

1. d4 Nf6 2. c4 e6 3. Nc3 Bb4 4. Qc2 d5 5. a3 Bxc3+ 6. Qxc3 Ne4 7. Qc2 O-O 8.
e3 b6 9. Bd3 f5 10. Ne2 Ba6 11. b4 c6 12. b5 Bb7 13. a4 Nd7 14. cxd5 cxd5 15.
Ba3 Rf6 16. f3 Ng5 17. O-O h6 18. Rac1 Rc8 19. Qb1 Rf7 20. Bd6 Nf6 21. Be5 Rd7
22. Rxc8 Bxc8 23. h3 Nf7 24. Bh2 g5 25. Qb2 Nd6 26. Rc1 Bb7 27. Be5 Nfe8 28.
Rc3 Nf7 29. Bg3 Nfd6 30. Nc1 h5 31. Na2 g4 32. fxg4 hxg4 33. hxg4 fxg4 34. Qe2
Qg5 35. Bf4 Qg7 36. Nb4 Ne4 37. Bxe4 dxe4 38. Nc6 Bxc6 39. bxc6 Re7 40. Qc2 Nc7
41. Qxe4 Kf7 42. Bd6 Nd5 43. c7 Rxc7 44. Rxc7+ Nxc7 45. Bxc7 Ke7 46. Be5 Qg5
47. Qb7+ Ke8 48. Qa8+ Kf7 49. Qxa7+ Ke8 50. Qb8+ 1-0

[Event "Landesklasse Ost 2014/2015"]
[Site "?"]
[Date "2014.10.26"]
[Round "3"]
[White "Schaudin, Andreas"]
[Black "Gräf, Michael"]
[Result "1-0"]
[WhiteElo "1680"]
[BlackElo "1861"]
[PlyCount "89"]
[EventDate "2014.??.??"]
[WhiteTeam "Schachzirkel Elstertal Langenberg"]
[BlackTeam "SSV Vimaria 91 Weimar"]

1. Nf3 g6 2. d4 Bg7 3. c4 Nf6 4. Nc3 O-O 5. e4 d6 6. Be2 Nbd7 7. O-O Re8 8. Qc2
c6 9. Bf4 Nh5 10. Be3 e5 11. dxe5 Nxe5 12. Nxe5 dxe5 13. Rad1 Qe7 14. Bxh5 gxh5
15. Qe2 Bg4 16. f3 Be6 17. b3 b6 18. Rd3 Red8 19. Rfd1 Bf6 20. Rxd8+ Rxd8 21.
Rxd8+ Qxd8 22. Qd2 Qxd2 23. Bxd2 Be7 24. Be3 f5 25. Kf1 f4 26. Bf2 Kf7 27. Ne2
h4 28. h3 Ke8 29. Nc1 Kd7 30. Nd3 Bf6 31. Be1 Kd6 32. Bc3 a5 33. Ke2 c5 34. a4
Bf7 35. Nxf4 Bg5 36. Nd3 Bf6 37. f4 Bh5+ 38. Ke1 Ke6 39. Bxe5 Bd8 40. Bh8 Bc7
41. Kd2 Bd6 42. f5+ Ke7 43. e5 Bc7 44. Bf6+ Kf8 45. Bxh4 1-0

[Event "Landesklasse Ost 2014/2015"]
[Site "?"]
[Date "2014.10.26"]
[Round "3"]
[White "Gölles, Michael"]
[Black "Plontke, Ingo"]
[Result "0-1"]
[WhiteElo "1549"]
[BlackElo "1881"]
[PlyCount "92"]
[EventDate "2014.??.??"]
[WhiteTeam "Schachzirkel Elstertal Langenberg"]
[BlackTeam "SSV Vimaria 91 Weimar"]

1. d4 f5 2. e4 fxe4 3. Nc3 Nf6 4. Bg5 g6 5. Bxf6 exf6 6. Nxe4 d5 7. Nc3 Bb4 8.
Qf3 Qe7+ 9. Nge2 Bxc3+ 10. Qxc3 Nc6 11. O-O-O Nb4 12. Kb1 Bf5 13. Rc1 O-O-O 14.
a3 Nc6 15. Ng3 Bd7 16. Bb5 Rhe8 17. Rhe1 Qd6 18. Qd2 Rxe1 19. Rxe1 Re8 20.
Rxe8+ Bxe8 21. Qe3 Kd8 22. h3 a6 23. Ba4 b5 24. Bb3 a5 25. c3 b4 26. axb4 axb4
27. Ba4 bxc3 28. Qxc3 Nb4 29. Bxe8 Kxe8 30. Qa3 Qb6 31. Ne2 Qb5 32. Qe3+ Kd7
33. Qd2 Qc4 34. Nc1 Nc6 35. Ne2 Nb4 36. Nc1 c5 37. dxc5 Qe4+ 38. Ka1 Nc2+ 39.
Ka2 Nb4+ 40. Ka1 Qc4 41. f3 d4 42. b3 Qxc5 43. Nd3 Nxd3 44. Qxd3 Qc1+ 45. Ka2
Qe3 46. Qd1 d3 0-1

[Event "Landesklasse Ost 2014/2015"]
[Site "?"]
[Date "2014.10.26"]
[Round "3"]
[White "Mysliwiec, Anett"]
[Black "Espig, Christian"]
[Result "1/2-1/2"]
[WhiteElo "1539"]
[BlackElo "1548"]
[PlyCount "27"]
[EventDate "2014.??.??"]
[WhiteTeam "SSV Vimaria 91 Weimar"]
[BlackTeam "Schachzirkel Elstertal Langenberg"]

1. e4 e6 2. Qe2 e5 3. Nf3 Nc6 4. g3 Nf6 5. d3 Be7 6. Bg2 O-O 7. O-O d6 8. c3
Bg4 9. h3 Be6 10. Nbd2 Qc8 11. Ng5 Bd7 12. Kh2 h6 13. Ngf3 Be6 14. Rd1 1/2-1/2

[Event "Landesklasse Ost 2014/2015"]
[Site "?"]
[Date "2014.10.26"]
[Round "3"]
[White "Taudte, Stefan"]
[Black "Sack, Matthias"]
[Result "1-0"]
[WhiteElo "1977"]
[BlackElo "1963"]
[PlyCount "85"]
[EventDate "2014.??.??"]

1. d4 Nf6 2. c4 e6 3. Nf3 c5 4. d5 exd5 5. cxd5 d6 6. Nc3 g6 7. e4 a6 8. Bg5
Bg7 9. a4 Bg4 10. h3 Bxf3 11. Qxf3 Nbd7 12. Qe3 O-O 13. Bd3 Qc7 14. Bh6 Rfe8
15. Bxg7 Kxg7 16. O-O Qb6 17. Rfb1 Rac8 18. Bc4 Qd8 19. b3 Qe7 20. Re1 Qe5 21.
f4 Qe7 22. Re2 h6 23. Rae1 Nh7 24. Qg3 f6 25. Bd3 g5 26. h4 Kh8 27. e5 dxe5 28.
Bf5 gxf4 29. Qxf4 Qg7 30. Qe3 Rcd8 31. Ne4 Nb6 32. d6 Nd5 33. Qxc5 Nf4 34. Rd2
Nf8 35. Kh2 Nd7 36. Qc7 Rg8 37. Qxb7 a5 38. Re3 Nh5 39. Rc3 Nf4 40. Rg3 Qf7 41.
Rxg8+ Kxg8 42. Qc7 Qe8 43. Bxd7 1-0

[Event "Landesklasse Ost 2014/2015"]
[Site "?"]
[Date "2014.10.26"]
[Round "3"]
[White "Hadlich, Gerald"]
[Black "Nicolai, Tim"]
[Result "1-0"]
[WhiteElo "1735"]
[BlackElo "1752"]
[PlyCount "155"]
[EventDate "2014.??.??"]
[WhiteTeam "SV Hermsdorf"]
[BlackTeam "SV Empor Erfurt"]

1. e4 e5 2. Nf3 Nc6 3. Bb5 a6 4. Bxc6 dxc6 5. O-O Bg4 6. h3 h5 7. d3 Qf6 8. Be3
Bxf3 9. Qxf3 Qxf3 10. gxf3 Bd6 11. Nd2 Ne7 12. Nc4 Ng6 13. Kg2 O-O-O 14. Rg1
Rdf8 15. Kf1 Rhg8 16. Rg5 h4 17. Ke2 b5 18. Nxd6+ cxd6 19. Rag1 Kd7 20. R1g4
Ke6 21. f4 exf4 22. Bxf4 Nxf4+ 23. Rxf4 f6 24. Rg6 Kf7 25. Rfg4 d5 26. f4 dxe4
27. dxe4 Re8 28. f5 Re5 29. Kf3 Rc5 30. c3 a5 31. a3 b4 32. axb4 axb4 33. cxb4
Rb5 34. Rxh4 Rxb4 35. Rg2 Rb3+ 36. Kf4 Rd3 37. Rh7 Rd1 38. h4 Rf1+ 39. Ke3 Re1+
40. Kf3 Rf1+ 41. Ke2 Rb1 42. Kd3 Rd1+ 43. Kc3 Rc1+ 44. Kd2 Rb1 45. Kc2 Re1 46.
Rg4 Re2+ 47. Kc3 Re3+ 48. Kc4 Re1 49. h5 Rc1+ 50. Kd3 Rd1+ 51. Kc2 Rh1 52. Rg6
Rh2+ 53. Kc3 Rh3+ 54. Kc4 Rh4 55. h6 Rxe4+ 56. Kd3 Rh4 57. Rhxg7+ Rxg7 58. hxg7
Kg8 59. Rxf6 Kxg7 60. Rxc6 Rf4 61. f6+ Kf7 62. Rb6 Rh4 63. b4 Rf4 64. Kc3 Rh4
65. Kb3 Rf4 66. Ka4 Rf1 67. Rc6 Ke8 68. Ka5 Kd7 69. Kb6 Ke8 70. b5 Rd1 71. Kb7
Rd7+ 72. Rc7 Rd1 73. f7+ Kf8 74. b6 Rb1 75. Ka7 Ra1+ 76. Kb8 Rb1 77. b7 Rb2 78.
Kc8 1-0

[Event "Landesklasse Ost 2014/2015"]
[Site "?"]
[Date "2014.10.26"]
[Round "3"]
[White "Heinke, Jasper"]
[Black "Bülau, Daniel"]
[Result "1-0"]
[WhiteElo "1789"]
[BlackElo "1598"]
[PlyCount "63"]
[EventDate "2014.??.??"]

1. d4 d5 2. c4 e6 3. Nc3 Nf6 4. Bg5 Be7 5. e3 O-O 6. Nf3 Nbd7 7. Qc2 dxc4 8.
Bxc4 c6 9. O-O Nd5 10. Bxe7 Qxe7 11. a3 b5 12. Bd3 Nxc3 13. Qxc3 Bb7 14. Rac1
Rac8 15. Ne5 a6 16. f4 Nxe5 17. fxe5 Qg5 18. Be4 Qe7 19. Qd3 h6 20. Rc5 Rfd8
21. Rfc1 Qd7 22. Qe2 Rc7 23. Qf3 Rdc8 24. Bb1 g6 25. h4 Qe7 26. h5 g5 27. Qe4
f5 28. exf6 Qxf6 29. Rf1 Qe7 30. Qg6+ Qg7 31. Qxe6+ Kh8 32. Rf6 1-0

[Event "Landesklasse Ost 2014/2015"]
[Site "?"]
[Date "2014.10.26"]
[Round "3"]
[White "Pietzsch, Gerhard"]
[Black "Strauch, Martin"]
[Result "1/2-1/2"]
[WhiteElo "1821"]
[BlackElo "1786"]
[PlyCount "56"]
[EventDate "2014.??.??"]

1. e4 d6 2. d4 Nf6 3. Nc3 g6 4. Be2 c6 5. Nf3 b5 6. a3 Bg7 7. O-O O-O 8. h3
Nbd7 9. Be3 Nb6 10. Nd2 a6 11. f4 e5 12. fxe5 dxe5 13. Nf3 exd4 14. Bxd4 Re8
15. Bd3 Ra7 16. Bc5 Be6 17. Qe2 Nfd7 18. Bd4 Bxd4+ 19. Nxd4 c5 20. Nxe6 Rxe6
21. Qf2 Qf8 22. Be2 Ne5 23. Nd5 Nxd5 24. exd5 Re8 25. Rad1 Rd7 26. Qf6 Rd6 27.
Qf2 Rd7 28. Qf6 Rd6 1/2-1/2

[Event "Landesklasse Ost 2014/2015"]
[Site "?"]
[Date "2014.10.26"]
[Round "3"]
[White "Streichardt, Niklas"]
[Black "Schulz, Phillip"]
[Result "1/2-1/2"]
[WhiteElo "1609"]
[BlackElo "1737"]
[PlyCount "42"]
[EventDate "2014.??.??"]

1. e4 c5 2. Nf3 Nc6 3. d4 cxd4 4. Nxd4 g6 5. Nc3 Bg7 6. Be3 Nf6 7. Be2 O-O 8.
Qd2 d5 9. Nxc6 bxc6 10. Rd1 Be6 11. f3 Qc7 12. O-O dxe4 13. fxe4 Ng4 14. Bxg4
Bxg4 15. Rde1 Rad8 16. Qf2 Qb7 17. Na4 Qb4 18. b3 Bd4 19. c3 Bxe3 20. Qxe3 Qa5
21. e5 Rd5 1/2-1/2

[Event "Landesklasse Ost 2014/2015"]
[Site "?"]
[Date "2014.10.26"]
[Round "3"]
[White "Pietsch, Karsten"]
[Black "Thiemann, Jürgen"]
[Result "1/2-1/2"]
[WhiteElo "1730"]
[BlackElo "1677"]
[PlyCount "61"]
[EventDate "2014.??.??"]

1. d4 d5 2. c4 e6 3. Nc3 Nf6 4. Bg5 Nbd7 5. e3 Be7 6. Nf3 h6 7. Bh4 c6 8. Rc1
Ne4 9. Bg3 Nxg3 10. hxg3 Bf6 11. e4 dxe4 12. Nxe4 Qa5+ 13. Qd2 Qxd2+ 14. Kxd2
Be7 15. a3 Nf6 16. Bd3 a5 17. Ne5 Nxe4+ 18. Bxe4 Bd7 19. f4 Rb8 20. c5 Bd8 21.
b4 axb4 22. axb4 Bc7 23. Ke3 Bxe5 24. dxe5 Ke7 25. g4 g6 26. g3 Ra8 27. Ra1
Rxa1 28. Rxa1 Rb8 29. Kd4 Kf8 30. Kc4 Ke7 31. Kd4 1/2-1/2

[Event "Landesklasse Ost 2014/2015"]
[Site "?"]
[Date "2014.10.26"]
[Round "3"]
[White "Schulz, Theresa Charlotte"]
[Black "Baulig, Manuel"]
[Result "0-1"]
[WhiteElo "1515"]
[BlackElo "1561"]
[PlyCount "110"]
[EventDate "2014.??.??"]

1. d4 Nf6 2. Nf3 e6 3. c4 d5 4. e3 b6 5. Nc3 Bb7 6. cxd5 Nxd5 7. Nxd5 Qxd5 8.
Be2 Bd6 9. b3 O-O 10. Qc2 Nd7 11. Bd2 Nf6 12. Qc4 Qe4 13. O-O Qg4 14. h3 Qg6
15. Bb4 Bd5 16. Qc3 Ne4 17. Qe1 c5 18. dxc5 bxc5 19. Ba3 Ng5 20. Nxg5 Qxg5 21.
f3 Qxe3+ 22. Qf2 Qf4 23. g3 Qxg3+ 24. Qxg3 Bxg3 25. Bxc5 Rfc8 26. b4 a5 27. a3
Be5 28. Rab1 axb4 29. Bxb4 h6 30. Rfc1 Rxc1+ 31. Rxc1 Bb2 32. Rc7 Bxa3 33. Bc3
Bd6 34. Rd7 Bc5+ 35. Kf1 Ra3 36. Rd8+ Kh7 37. Bd3+ f5 38. Bxf5+ exf5 39. Rxd5
Rxc3 40. Rxf5 Kg6 41. Rf4 h5 42. Ke2 Kg5 43. Rf7 Bd4 44. Rd7 Be5 45. Rd5 Kf4
46. Rb5 Re3+ 47. Kf2 Rxf3+ 48. Kg2 Rd3 49. Rb4+ Bd4 50. Rb5 h4 51. Rb8 Rd2+ 52.
Kf1 Rf2+ 53. Ke1 Kg3 54. Rb3+ Rf3 55. Rb4 Bc3+ 0-1

[Event "Landesklasse Ost 2014/2015"]
[Site "?"]
[Date "2014.10.26"]
[Round "3"]
[White "Sperhake, Franz"]
[Black "Vo, Minh"]
[Result "1-0"]
[WhiteElo "1480"]
[BlackElo "1359"]
[PlyCount "79"]
[EventDate "2014.??.??"]

1. d4 d5 2. Nf3 c6 3. c4 Nf6 4. e3 Bg4 5. Nc3 e6 6. cxd5 cxd5 7. Be2 a6 8. Ne5
Bxe2 9. Qxe2 Nbd7 10. f4 Bd6 11. O-O O-O 12. e4 Bb4 13. exd5 Bxc3 14. bxc3 Nxe5
15. fxe5 Nxd5 16. Qg4 Kh8 17. Rf3 f5 18. exf6 Rxf6 19. Bg5 Qb6 20. Bxf6 Nxf6
21. Qg5 Rc8 22. Raf1 Rf8 23. Rg3 Qc7 24. Qe5 Qd7 25. Re3 h6 26. Qxe6 Qxe6 27.
Rxe6 Rc8 28. Rc1 Rc4 29. Rb6 Rc7 30. c4 Nd5 31. Rd6 Nb4 32. a3 Nd3 33. Rc2 Re7
34. g3 Ne1 35. Rf2 Rc7 36. c5 Nd3 37. Rd2 Ne1 38. Kf2 Re7 39. d5 Kg8 40. Re6
1-0

[Event "Landesklasse Ost 2014/2015"]
[Site "?"]
[Date "2014.10.26"]
[Round "3"]
[White "Vogel, Steffen"]
[Black "Sunderbrink, Heino"]
[Result "1/2-1/2"]
[WhiteElo "1779"]
[BlackElo "1969"]
[PlyCount "32"]
[EventDate "2014.??.??"]
[WhiteTeam "SSV Vimaria 91 Weimar"]
[BlackTeam "SV Medizin Erfurt"]

1. d4 d5 2. c4 e6 3. Nc3 Nf6 4. Bg5 Nbd7 5. e3 c6 6. Nf3 Qa5 7. Qb3 Ne4 8. Bf4
Ndf6 9. Bd3 Nxc3 10. bxc3 dxc4 11. Bxc4 Nd5 12. Bxd5 exd5 13. O-O Be7 14. Rfe1
O-O 15. e4 dxe4 16. Rxe4 Bf6 1/2-1/2

[Event "Landesklasse Ost 2014/2015"]
[Site "?"]
[Date "2014.10.26"]
[Round "3"]
[White "Zeuner, Ulrich"]
[Black "Reichardt, Albert"]
[Result "1-0"]
[WhiteElo "1964"]
[BlackElo "1720"]
[PlyCount "69"]
[EventDate "2014.??.??"]
[WhiteTeam "SV Medizin Erfurt"]
[BlackTeam "SSV Vimaria 91 Weimar"]

1. Nf3 c5 2. g3 Nf6 3. Bg2 d5 4. O-O e6 5. d3 Be7 6. Nbd2 O-O 7. e4 Nc6 8. e5
Nd7 9. Re1 Qc7 10. Qe2 b5 11. h4 Rb8 12. Nf1 Ba6 13. Bf4 c4 14. Ne3 Nc5 15. d4
Na4 16. Ng4 Qa5 17. Bd2 b4 18. c3 Nxb2 19. Bg5 Bxg5 20. Nxg5 h6 21. Ne4 Ne7 22.
Nef6+ gxf6 23. Nxf6+ Kh8 24. Qxb2 Ng8 25. Nh5 bxc3 26. Qe2 Rb7 27. Qg4 f5 28.
exf6 Nxf6 29. Qxe6 Qb6 30. Nxf6 Rxf6 31. Qe8+ Kg7 32. Bxd5 h5 33. Qg8+ Kh6 34.
Qg5+ Kh7 35. Bxb7 1-0

[Event "Landesklasse Ost 2014/2015"]
[Site "?"]
[Date "2014.10.26"]
[Round "3"]
[White "Mitter, Frank"]
[Black "Kube, Hannelore"]
[Result "1/2-1/2"]
[WhiteElo "1752"]
[BlackElo "1825"]
[PlyCount "26"]
[EventDate "2014.??.??"]
[WhiteTeam "SSV Vimaria 91 Weimar"]
[BlackTeam "SV Medizin Erfurt"]

1. d4 d5 2. c4 e6 3. Nc3 Nf6 4. Nf3 Bb4 5. g3 O-O 6. Bg2 Ne4 7. Qb3 Qe7 8. O-O
Nc6 9. a3 Bxc3 10. bxc3 b6 11. Nd2 Bb7 12. Nxe4 dxe4 13. Bxe4 Na5 1/2-1/2

[Event "Landesklasse Ost 2014/2015"]
[Site "?"]
[Date "2014.10.26"]
[Round "3"]
[White "Wohlleben, Manfred"]
[Black "Latka, Richard"]
[Result "0-1"]
[WhiteElo "1627"]
[BlackElo "1697"]
[PlyCount "50"]
[EventDate "2014.??.??"]
[WhiteTeam "SV Medizin Erfurt"]
[BlackTeam "SSV Vimaria 91 Weimar"]

1. e4 c5 2. Nf3 Nc6 3. d4 cxd4 4. Nxd4 Nf6 5. Nc3 e5 6. Nf5 d5 7. Ng3 Bb4 8.
exd5 Nxd5 9. Bd2 Be6 10. Bb5 Qa5 11. Nge4 O-O-O 12. Bxc6 bxc6 13. Qf3 f5 14.
Ng5 e4 15. Qh3 Bd7 16. g4 fxg4 17. Qg3 e3 18. fxe3 Nxc3 19. bxc3 Bxc3 20. Qg2
Bxd2+ 21. Qxd2 Qxg5 22. O-O g3 23. Qc3 gxh2+ 24. Kxh2 Qh4+ 25. Kg1 Qg4+ 0-1

[Event "Landesklasse Ost 2014/2015"]
[Site "?"]
[Date "2014.10.26"]
[Round "3"]
[White "Gulich, Wolfgang"]
[Black "Rost, Detlef"]
[Result "1/2-1/2"]
[WhiteElo "1768"]
[BlackElo "1856"]
[PlyCount "56"]
[EventDate "2014.??.??"]
[WhiteTeam "SSV Vimaria 91 Weimar"]
[BlackTeam "SV Medizin Erfurt"]

1. e4 c5 2. c3 Nf6 3. e5 Nd5 4. d4 cxd4 5. Nf3 Nc6 6. cxd4 d6 7. Bb5 Qa5+ 8.
Nc3 Nxc3 9. Bxc6+ bxc6 10. bxc3 Qxc3+ 11. Bd2 Qd3 12. Qa4 Qa6 13. Qc2 g6 14.
exd6 exd6 15. Qe4+ Be6 16. Ng5 Kd7 17. Nxe6 fxe6 18. f3 Bg7 19. Kf2 d5 20. Qe3
Rab8 21. Bc3 Qa3 22. Rhc1 Bf6 23. Rc2 h6 24. Re1 Qd6 25. Kg1 Rhg8 26. Rce2 Rbe8
27. Rb1 Rb8 28. Rbe1 Rbe8 1/2-1/2

[Event "Landesklasse Ost 2014/2015"]
[Site "?"]
[Date "2014.10.26"]
[Round "3"]
[White "Eger, Axel"]
[Black "Gebuhr, Günter"]
[Result "1-0"]
[WhiteElo "1838"]
[BlackElo "1782"]
[PlyCount "49"]
[EventDate "2014.??.??"]
[WhiteTeam "SV Medizin Erfurt"]
[BlackTeam "SSV Vimaria 91 Weimar"]

1. e4 c5 2. Nc3 Nc6 3. g3 g6 4. Bg2 Bg7 5. d3 d6 6. Nh3 Nf6 7. O-O O-O 8. f4
Bg4 9. Qd2 Qc8 10. Nf2 Bd7 11. h3 e5 12. f5 Nd4 13. g4 h6 14. Nfd1 g5 15. Ne3
Bc6 16. h4 b5 17. hxg5 hxg5 18. Ncd5 Bxd5 19. Nxd5 Nxd5 20. exd5 b4 21. c3 bxc3
22. bxc3 Nb5 23. f6 Bh6 24. Rf5 Kh8 25. Rxg5 1-0

[Event "Landesklasse Ost 2014/2015"]
[Site "?"]
[Date "2014.10.26"]
[Round "3"]
[White "Walther, Gerd"]
[Black "Stumm, Rainer"]
[Result "1/2-1/2"]
[WhiteElo "1774"]
[BlackElo "1584"]
[PlyCount "44"]
[EventDate "2014.??.??"]
[WhiteTeam "SSV Vimaria 91 Weimar"]
[BlackTeam "SV Medizin Erfurt"]

1. Nf3 Nf6 2. d4 d5 3. Bg5 e6 4. Nbd2 Be7 5. e3 Nbd7 6. Bd3 c5 7. c3 Qc7 8. Bf4
Bd6 9. Bxd6 Qxd6 10. O-O b6 11. e4 dxe4 12. Nxe4 Nxe4 13. Bxe4 Rb8 14. Qc2 Nf6
15. dxc5 Qxc5 16. Bd3 O-O 17. Rfe1 h6 18. Nd2 Bb7 19. Ne4 Nxe4 20. Bxe4 Bxe4
21. Qxe4 Rfd8 22. Rad1 Qc7 1/2-1/2

[Event "Landesklasse Ost 2014/2015"]
[Site "?"]
[Date "2014.10.26"]
[Round "3"]
[White "Richter, Sebastian"]
[Black "Schönfeld, Volker"]
[Result "1/2-1/2"]
[WhiteElo "1742"]
[BlackElo "1869"]
[PlyCount "23"]
[EventDate "2014.??.??"]
[WhiteTeam "SV Schott Jena"]
[BlackTeam "VfL 1990 Gera"]

1. d4 Nf6 2. c4 g6 3. Nc3 d5 4. Nf3 Bg7 5. cxd5 Nxd5 6. e4 Nxc3 7. bxc3 c5 8.
Rb1 O-O 9. Be2 Nc6 10. d5 Bxc3+ 11. Bd2 Bxd2+ 12. Qxd2 1/2-1/2

[Event "Landesklasse Ost 2014/2015"]
[Site "?"]
[Date "2014.10.26"]
[Round "3"]
[White "Huster, Mike"]
[Black "Jordan, Gunter"]
[Result "1/2-1/2"]
[WhiteElo "1899"]
[BlackElo "1875"]
[PlyCount "123"]
[EventDate "2014.??.??"]
[WhiteTeam "VfL 1990 Gera"]
[BlackTeam "SV Schott Jena"]

1. d4 e6 2. c4 Nf6 3. g3 d5 4. Bg2 Nbd7 5. Nf3 c6 6. O-O Bd6 7. b3 Qc7 8. Bb2
b6 9. Qc2 Bb7 10. Nc3 a6 11. e4 Nxe4 12. Nxe4 dxe4 13. Ng5 Nf6 14. Nxe4 Be7 15.
Rac1 O-O 16. f4 c5 17. d5 Nxe4 18. Qxe4 Bd6 19. Rce1 Rfe8 20. Qd3 exd5 21. cxd5
Qd7 22. f5 Rxe1 23. Rxe1 Re8 24. Re4 Rxe4 25. Qxe4 Qe7 26. Qxe7 Bxe7 27. Be5
Bd8 28. Kf2 f6 29. Bf4 g5 30. Bd6 Kf7 31. Bf3 Ke8 32. Ke3 Kd7 33. Bf8 Ke8 34.
Bh6 Kd7 35. h4 gxh4 36. gxh4 Bc7 37. Ke4 Bg3 38. h5 Bc8 39. Bg7 Ke7 40. h6 Be1
41. Bh5 Bd2 42. d6+ Kxd6 43. Bf8+ Kd7 44. Bf7 Bb7+ 45. Kd3 Bg5 46. Bg8 Ke8 47.
Bg7 Ke7 48. Bxh7 Kf7 49. Kc4 Be4 50. a4 Bc2 51. Kc3 Bd1 52. Bg6+ Kg8 53. Be8
Kh7 54. Bf7 Bg4 55. Be6 Be2 56. Bc4 Bg4 57. Bd3 Bxh6 58. Bxf6 Bg7 59. Bxg7 Kxg7
60. Bxa6 Bxf5 61. Kc4 Be6+ 62. Kc3 1/2-1/2

[Event "Landesklasse Ost 2014/2015"]
[Site "?"]
[Date "2014.10.26"]
[Round "3"]
[White "Flechsig, Bernd"]
[Black "Kretzschmar, Bernd"]
[Result "0-1"]
[WhiteElo "1734"]
[BlackElo "1821"]
[PlyCount "92"]
[EventDate "2014.??.??"]
[WhiteTeam "SV Schott Jena"]
[BlackTeam "VfL 1990 Gera"]

1. e4 g6 2. d4 Bg7 3. Be3 d6 4. c3 Nf6 5. f3 Nc6 6. Bd3 e5 7. Ne2 O-O 8. Qd2
Ne8 9. f4 f5 10. exf5 exd4 11. Nxd4 Nxd4 12. cxd4 Bxf5 13. Nc3 Bxd3 14. Qxd3
Qh4+ 15. g3 Qg4 16. Qe2 Nf6 17. Kd2 Qxe2+ 18. Nxe2 Rae8 19. Rhe1 Rf7 20. Bg1
Ne4+ 21. Kd3 Rfe7 22. Nc3 Nc5+ 23. Kd2 Ne4+ 24. Kd3 Nxc3 25. Rxe7 Rxe7 26. bxc3
d5 27. Rb1 c6 28. Rb2 Kf7 29. Re2 Rc7 30. h3 b6 31. c4 dxc4+ 32. Kxc4 Rd7 33.
a4 Rd5 34. Bf2 Ra5 35. Kb3 Rh5 36. h4 Rd5 37. Kc4 a6 38. Re4 b5+ 39. Kb3 bxa4+
40. Kxa4 h5 41. Kb4 Rb5+ 42. Kc4 Rb2 43. Be1 Rc2+ 44. Kb4 Rc1 45. Ka5 c5 46. d5
Rxe1 0-1

[Event "Landesklasse Ost 2014/2015"]
[Site "?"]
[Date "2014.11.23"]
[Round "4"]
[White "Rauhut, Frank"]
[Black "Vogel, Steffen"]
[Result "1/2-1/2"]
[WhiteElo "1862"]
[BlackElo "1779"]
[PlyCount "38"]
[EventDate "2014.??.??"]

1. d4 d5 2. Nc3 Nf6 3. Bf4 c6 4. e3 Bf5 5. Bd3 Bxd3 6. Qxd3 e6 7. Nf3 Bd6 8.
O-O-O Qc7 9. Bxd6 Qxd6 10. Kb1 Nbd7 11. e4 dxe4 12. Nxe4 Nxe4 13. Qxe4 Nf6 14.
Qe5 O-O-O 15. Qxd6 Rxd6 16. Ne5 Rf8 17. Rhe1 Nd7 18. c3 Nxe5 19. Rxe5 Rfd8
1/2-1/2

[Event "Landesklasse Ost 2014/2015"]
[Site "?"]
[Date "2014.11.23"]
[Round "4"]
[White "Mitter, Frank"]
[Black "Skarus, Steffen"]
[Result "1-0"]
[WhiteElo "1752"]
[BlackElo "1841"]
[PlyCount "69"]
[EventDate "2014.??.??"]

1. d4 g6 2. c4 Bg7 3. Nc3 c5 4. Nf3 cxd4 5. Nxd4 Qa5 6. e3 Nc6 7. Be2 Nf6 8.
O-O O-O 9. Nb3 Qd8 10. e4 d6 11. Be3 Bd7 12. Rc1 b6 13. f3 Rc8 14. Qd2 Ne5 15.
Nd5 Ne8 16. Rfd1 f5 17. exf5 Bxf5 18. Nd4 Nc7 19. Nxf5 Rxf5 20. f4 Nd7 21. Bg4
Rf8 22. Bd4 Nxd5 23. cxd5 Bxd4+ 24. Qxd4 Rf6 25. Be6+ Kg7 26. g4 Rxc1 27. Rxc1
h6 28. g5 hxg5 29. fxg5 Ne5 30. gxf6+ exf6 31. Qc3 Qh8 32. Qc7+ Kh6 33. Rc3 Kg5
34. Rg3+ Kf4 35. Qc1+ 1-0

[Event "Landesklasse Ost 2014/2015"]
[Site "?"]
[Date "2014.11.23"]
[Round "4"]
[White "Wagner, Günther"]
[Black "Petigk, Falk"]
[Result "1-0"]
[WhiteElo "1790"]
[BlackElo "1697"]
[PlyCount "83"]
[EventDate "2014.??.??"]

1. e4 c5 2. Nf3 d6 3. d4 cxd4 4. Nxd4 Nf6 5. Nc3 e6 6. Bc4 Nbd7 7. O-O Qc7 8.
Bb3 a6 9. Bg5 Nc5 10. Bxf6 Nxb3 11. Bxg7 Bxg7 12. cxb3 O-O 13. Qd3 b5 14. Rac1
Qb6 15. Nde2 Bb7 16. Kh1 Rad8 17. f4 f5 18. Ng3 Qc6 19. Rc2 Qd7 20. exf5 exf5
21. Nd5 Qf7 22. Rd1 Rde8 23. h3 Qg6 24. Kh2 Kh8 25. Rc7 Ba8 26. Ne3 Bxb2 27.
Nd5 h5 28. Ne7 Rxe7 29. Rxe7 h4 30. Re3 Rg8 31. Rd2 hxg3+ 32. Rxg3 Qxg3+ 33.
Qxg3 Rxg3 34. Kxg3 Ba3 35. Rc2 Bc5 36. b4 Be4 37. bxc5 dxc5 38. Rxc5 Kg7 39.
Rc7+ Kf6 40. Ra7 Ke6 41. Rxa6+ Kd5 42. h4 1-0

[Event "Landesklasse Ost 2014/2015"]
[Site "?"]
[Date "2014.11.23"]
[Round "4"]
[White "Latka, Richard"]
[Black "Vater, Rainer"]
[Result "0-1"]
[WhiteElo "1697"]
[BlackElo "1809"]
[PlyCount "100"]
[EventDate "2014.??.??"]

1. e4 d5 2. exd5 Qxd5 3. Nc3 Qd6 4. d4 Nf6 5. Nf3 a6 6. Bd3 Bg4 7. O-O Nc6 8.
Be3 O-O-O 9. Ne4 Nxe4 10. Bxe4 f5 11. Bxc6 Qxc6 12. Ne5 Qe6 13. Qd2 Bh5 14. Qc3
Qd5 15. Nc4 Kb8 16. Rfe1 e6 17. Bg5 Re8 18. Re5 Qc6 19. Rae1 Bf7 20. d5 exd5
21. Rxe8+ Bxe8 22. Na5 Qd7 23. Qb3 b6 24. Be3 Qb5 25. Bxb6 Bd6 26. Qxb5 axb5
27. Bd4 Bb4 28. Bc3 Bxc3 29. bxc3 Bd7 30. Kf1 Re8 31. Rd1 c6 32. Nb3 Kc7 33.
Rd3 Re7 34. Rh3 g6 35. Rh4 Kd6 36. Nd4 c5 37. Nf3 h5 38. Ne1 Re4 39. Rxe4 dxe4
40. Ke2 Be6 41. a3 Ke5 42. g3 g5 43. f3 Bc4+ 44. Kf2 f4 45. gxf4+ Kxf4 46. Ng2+
Ke5 47. Ke3 exf3 48. Kxf3 Bd5+ 49. Kf2 Bxg2 50. Kxg2 Kd5 0-1